| 000 | 00357pab a2200157 454500 | ||
|---|---|---|---|
| 008 | 180718b2011 xxu||||| |||| 00| 0 eng d | ||
| 100 | _aTzu, Sun | ||
| 245 | _aCoercive air power and peace enforcement | ||
| 260 | _c2011 | ||
| 300 | _ap.168-184. | ||
| 362 | _aApr-Jun | ||
| 650 | _aAir warfare | ||
| 773 | _aUSI Journal | ||
| 908 | _aN | ||
| 909 | _a93350 | ||
| 999 |
_c93350 _d93350 |
||